00322naa a2200109 a 450000100080000000500110000800800410001910000140006024500560007426000090013077300730013918388402010-01-10 1991 bl --- 0-- u #d1 aAHMAD, Z. aCoheritability among yield and components in wheat. c1991 tSarhad Journal of Agriculture, Pakistangv. 7, n. 1, p. 65-67, 1991.